| Tag |
First Indicator |
Second Indicator |
Subfields |
| LEADER |
00000pam a2200000 a 4500 |
| 001 |
in00000073099 |
| 005 |
20151008060038.0 |
| 008 |
810722s1982 inu b s00110 eng |
| 010 |
|
|
|a 81047168
|
| 020 |
|
|
|a 0253310350
|
| 020 |
|
|
|a 0253202795 (pbk.)
|
| 035 |
|
|
|a (OCoLC)07672802
|
| 035 |
|
|
|9 AAJ5038AM
|
| 039 |
0 |
|
|a 2
|b 3
|c 3
|d 3
|e 3
|
| 040 |
|
|
|a DLC
|c DLC
|d TXA
|d UtOrBLW
|
| 049 |
|
|
|a TXAM
|c [1442710]
|
| 050 |
0 |
0 |
|a GN495.6
|b .R68
|
| 082 |
0 |
|
|a 305.8
|2 19
|
| 100 |
1 |
|
|a Royce, Anya Peterson.
|
| 245 |
1 |
0 |
|a Ethnic identity :
|b strategies of diversity /
|c Anya Peterson Royce.
|
| 264 |
|
1 |
|a Bloomington :
|b Indiana University Press,
|c 1982.
|
| 300 |
|
|
|a viii, 247 pages ;
|c 24 cm.
|
| 336 |
|
|
|a text
|b txt
|2 rdacontent
|
| 337 |
|
|
|a unmediated
|b n
|2 rdamedia
|
| 338 |
|
|
|a volume
|b nc
|2 rdacarrier
|
| 500 |
|
|
|a Includes index.
|
| 504 |
|
|
|a Bibliography: pages 233-241.
|
| 650 |
|
0 |
|a Ethnicity.
|
| 999 |
|
|
|a MARS
|
| 999 |
f |
f |
|s f4cae50b-3c72-32d4-bf2b-022f60604c3f
|i cc33b37a-2ad5-345b-9cd4-9e36ea6b898a
|t 0
|
| 952 |
f |
f |
|p normal
|a Texas A&M University
|b College Station
|c Sterling C. Evans Library
|d Evans: Library Stacks
|t 0
|e GN495.6 .R68
|h Library of Congress classification
|i unmediated -- volume
|m A14806114464
|
| 998 |
f |
f |
|a GN495.6 .R68
|t 0
|l Evans: Library Stacks
|